| 000 | 00796nam a2200241Ia 4500 | ||
|---|---|---|---|
| 003 | GCL | ||
| 008 | 140319s9999 xx 000 0 ara d | ||
| 020 | _a6291204977 | ||
| 040 |
_aGCL / _cGCL |
||
| 082 | 0 | 4 |
_a332.6 _bح ج |
| 100 | 1 | _aحسين مصطفى هلالى | |
| 245 | 1 | 0 |
_aالجدوى الاقتصادية للمشروعات الاستثمارية : _bمدخل متكامل / _cحسين مصطفى هلالى |
| 250 | _aالاولى | ||
| 260 |
_aالقاهرة : _bمكتبة عين شمس ، _c1997 |
||
| 300 |
_a417 ص ؛ _c24 سم |
||
| 650 | 0 | 4 | _aالتخطيط الاقتصادى |
| 650 | 0 | 4 | _aالتسويق |
| 650 | 0 | 4 | _aالمشروعات |
| 650 | 0 | 4 | _aراس المال |
| 650 | 0 | 4 | _aالانتاج |
| 650 | 0 | 4 | _aالجدوى الاقتصادية |
| 942 |
_2ddc _cBK |
||
| 999 |
_c5023 _d5023 |
||